000 00575nam a2200217Ia 4500
003 OSt
005 20220923225832.0
006 a|||||r|||| 00| 0
007 ta
008 Pun
024 _a275,147
037 _cTextual
040 _aARTS
_cARTS
_bPun
041 _2Pun
_aPun
082 _aO153m2'N52, K0;K3
245 0 _aਸਾਹਿਤ ਸਮਾਚਾਰ
_b ਧਨੀ ਰਾਮ ਚਾਤ੍ਰਿਕ ਅੰਕ
260 _c1963
650 _aਪੰਜਾਬੀ ਸਾਹਿਤ
942 _hO153m2'N52, K0;K3
_cTEXL
_2CC
999 _c380735
_d380735